01582nam a2200265 a 4500008004100000020001800041050001800059100002000077245012600097260006700223300000900290490006400299500002000363650004500383700002000428700001900448710005800467995013200525995013200657995013200789999001700921952012600938952012601064952012601190120809s2011 ||||||||||||||||| || u a9781868087235 aACCD(08)WP/6A aCharman, Andrew10aSpaza shops in Delft: The changing face of township entrepreneurshipcBy Andrew charman, Leif Petersen and Laurence Piper aBellvillebAfrican Centre for Citizenship and Democracy c2011 a27p. aAfrican Centre for Citizenship and Democracy Working Papers aWorking paper 2 aSTORES, RETAIL--SOUTH AFRICA--MANAGEMENT aPiper, Laurence aPetersen, Leif aAfrican Centre for Citizenship and Democracy (ACCEDE) aSPECIAL COLLECTIONSe113FCBU-MAIN LIBRARY (Kitwe)jACCD(08)WP/6AM1UAVAILABLEWAug 15, 2012yB113ZInternational Publications aSPECIAL COLLECTIONSe115FCBU-MAIN LIBRARY (Kitwe)jACCD(08)WP/6CM3UAVAILABLEWAug 15, 2012yB115ZInternational Publications aSPECIAL COLLECTIONSe114FCBU-MAIN LIBRARY (Kitwe)jACCD(08)WP/6BM2UAVAILABLEWAug 15, 2012yB114ZInternational Publications c76696d76696 00102lcc4070a001b001cInternational Publicationsd2023-04-25l0oACCD(08)WP/6ApB113r2023-04-25t1w2023-04-25y023 00102lcc4070a001b001cInternational Publicationsd2023-04-25l0oACCD(08)WP/6CpB115r2023-04-25t2w2023-04-25y023 00102lcc4070a001b001cInternational Publicationsd2023-04-25l0oACCD(08)WP/6BpB114r2023-04-25t3w2023-04-25y023